Find the Cartoon Ungulates Quiz Stats

 Plays Quiz Updated Jan 8, 2018

Challenge
Share
Tweet
Score 0/35 Timer 06:00
3 Plays Today
% Correct
Donkey
91.8%
Bambi
91.4%
Piglet
90.4%
Eeyore
89.8%
Cow
87.5%
Rudolph
87.3%
Sven
78.1%
Chief Bogo
74%
Quick Draw
McGraw
73.9%
Bullwinkle
73.8%
Bullseye
72.5%
Gazelle
71.4%
Shaun
71.2%
Clarabelle
Cow
67.5%
Lambie
61.4%
Dawn
Bellwether
60%
Marty
58.9%
Mime
55.6%
% Correct
Gentle
Heart
Lamb
53.3%
Maximus
52.8%
Melman
52.6%
Tanglefoot
51.5%
Yax
47.8%
Kai
42.4%
Yakkity Yak
42.1%
Pua
41.7%
Elliot
41.6%
Philippe
41.5%
Madame
Gazelle
39.6%
Baba
Looey
38%
Gompers
35%
Horace
Horsecollar
34.6%
Lumpy
29.7%
Buck
28.6%
Jeb
27.5%

You're not logged in!

Compare scores with friends on all Sporcle quizzes.
Join for Free
OR
Log In

You Might Also Like...

Show Comments

Extras

Top Quizzes Today


Score Distribution

Your Account Isn't Verified!

In order to create a playlist on Sporcle, you need to verify the email address you used during registration. Go to your Sporcle Settings to finish the process.

Report this User

Report this user for behavior that violates our Community Guidelines.

Details: